Ptaki stwierdzone w polsce na litere J - Statystyki

Ogólne statystyki
  • Ten quiz został rozwiązany 39 razy
  • Średni wynik to 6 z 10
Statystyki odpowiedzi
Odpowiedź % Poprawnych
jastrząb
85%
jer
85%
jerzyk
81%
jemiołuszka
74%
jarząbek
56%
junko
52%
jarzębatka
44%
jaskółka rudawa
44%
jerzyk alpejski
41%
jerzyk blady
37%
Nie znaleziono quizów pasujących do podanych kryteriów
Rozkład punktacji
Procent ludzi z każdym wynikiem
Percentyl według liczby udzielonych odpowiedzi
Twoja historia wyników
Nie rozwiązałeś tego quizu